Представление документа в формате RUSMARC

ПолеНазваниеЗначение
  Тип записи a
  Библиографический уровень m
001 Контрольный номер RU/CBS_UL/BASE/7a4721209a1d45c6a86910486cad556b
005 Дата корректировки 20260219103839.5
010 Индекс ISBN __
a ISBN 978-5-04-208362-4
d Цена 20 р. 00 к.
9 Тираж 2 000 экз.
b Уточнения в пер.
100 Данные общей обработки __
a Данные общей обработки 20180927d2018 ||| 0rusy0189 ca
101 Язык документа 0_
a Язык текста rus
102 Страна публикации __
a Страна публикации RU
200 Заглавие и сведения об ответственности 1_
a Заглавие Молитвы к воинству ангелов небесных
e Сведения, относящиеся к заглавию каноны, акафисты, молитвы
210 Выходные данные 1_
a Место издания Москва
c Издательство ЭКСМО
d Дата издания 2025
215 Физическое описание __
a Объем 236 с.
d Формат 18 см.
225 Серия 2_
a Серия Православие. Молитвы и молитвословы
300 Общие примечания __
a Общие примечания 16+
606 Тематические рубрики 0_
a Основная рубрика Православие - Молитвословы
610 Ключевые слова 0_
a Ключевые слова православие
a Ключевые слова молитвословы
a Ключевые слова молитвы
a Ключевые слова духовная жизнь; каноны; акафисты
686 Индексы других классификаций __
a Классификационный индекс 86.372
2 Код системы ББК
852 Данные о местонахождении __
i Авторский знак М 75
j Шифр хранения 86.372
900 Электронные ресурсы __
a Имя электронного ресурса молитвы
901 Тип документа __
t Тип документа m